000 00394nam a22001697a 4500
003 MPLRDC
005 20220104114126.0
008 210129b ||||| |||| 00| 0 eng d
082 _a782.886 CJG
100 _a丘光耀编绘
245 _a陈嘉庚画传
_c
250 _a第一版
260 _a
_b天地图书有限公司
_c1991
300 _b
650 _a
942 _cBK
_o782.886 CJG
999 _c5006
_d4996